| 000 | 00378nam a2200157Ia 4500 | ||
|---|---|---|---|
| 003 | Ost | ||
| 005 | 20260225132540.0 | ||
| 008 | 260225s9999||||xx |||||||||||||| ||und|| | ||
| 040 | _cfsic | ||
| 041 | _afre | ||
| 082 | _a332.1 | ||
| 100 |
_aJean marc lavieille _eAuteur |
||
| 245 | 0 | _aDroit international de l'environnement / | |
| 245 | 0 | _cJean marc lavieille | |
| 942 | _cكتاب | ||
| 999 |
_c33448 _d33448 |
||